00680nam a2200181Ia 4500008004100000020001800041041000800059082001900067100001500086245005100101260002600152300003100178365001700209700001500226906005700241999001900298952018100317230718s9999 xx 000 0 und d a81-7800-047-4 aeng a621.382'2bRAJ aRajan E.G. aSymbolic Computing Signal And Image Processing c2003bBS Publications a393dRef 1670 E ME (52902) cRs.b1495.00 aRajan E.G. dO:0496309-Feb-2016B:IN 136408-Sep-2015cME ETCb1495 c341696d341696 00104070aCCEPbCCEPd2016-02-09ePradeep Book DistributorsfME ETCg1121.25iIN 1364l0o621.382'2pCCEP-BK-52903r2023-07-18 00:00:00t1495v1495.00w2015-09-08yBKz052903